00496nam a2200193 a 4500001001300000003000900013005001700022008004100039020001000080082001500090100002100105245003300126260002800159300000900187500003500196505001000231650004000241700002100281nice12345678IN_TiNIC20260116011434.0050524s1962 lona grp 000 0 eng  ac10000a221.6bWRI aWright, G Ernest aStudies in Biblical Theology aLondonbSCM Pressc1962 a115p aincludes index and biblioraphy2 aIndex aBible O.T. Criticism & Interpretati1 aWright, G Ernest